LOC Full Classification - Statistics

General Stats
  • This quiz has been taken 28 times
  • The average score is 81 of 230
Answer Stats
Subclass Answer % Correct
QD Chemistry
100%
K Law in general. Comparative and uniform law. Jurisprudence.
100%
M Music
100%
QC Physics
100%
BF Psychology
100%
Q Science (General)
100%
DT Africa
88%
KDZ America. North America.
88%
GN Anthropology
88%
NX Arts in general
88%
DS Asia
88%
KL - KWX Asia and Eurasia, Africa, Pacific Area, and Antarctica
88%
QB Astronomy
88%
Z Books (General) Writing. Paleography. Book industries and trade. Libraries. Bibliography
88%
G Geography (General) Atlases. Maps.
88%
D History (General)
88%
KG Latin America - Mexico and Central America - West Indies, Caribbean area
88%
R Medicine (General)
88%
QH Natural history - Biology
88%
B Philosophy (General)
88%
BL Religions, Mythology, Rationalism
88%
NB Sculpture
88%
H Social sciences (General)
88%
HM Sociology (General)
88%
KH South America
88%
T Technology (General)
88%
E 151-909 United States
88%
KF United States.
88%
S Agriculture (General)
75%
NA Architecture
75%
KE Canada
75%
AG Dictionaries and other general reference works
75%
L Education (General)
75%
TA Engineering (General). Civil engineering
75%
PE English language
75%
KJ - KKZ Europe
75%
DC France - Andorra - Monaco
75%
QE Geology
75%
DD Germany
75%
DA Great Britain
75%
DG Italy - Malta
75%
ND Painting
75%
JA Political science (General)
75%
DK Russia, Soviet Union, Former Soviet Republics - Poland
75%
DP Spain - Portugal
75%
KD - KDK United Kingdom and Ireland
75%
E 11-143 America
63%
CC Archaeology
63%
UA Armies: Organization, distribution, military situation
63%
DB Austria - Liechtenstein - Hungary - Czechoslovakia
63%
QK Botany
63%
BR Christianity
63%
NC Drawing. Design. Illustration.
63%
PN Literature (General)
63%
QA Mathematics
63%
U Military science (General)
63%
V Naval science (General)
63%
VA Navies: Organization, distribution, naval situation
63%
DU Oceania (South Seas)
63%
GV Recreation. Leisure.
63%
QL Zoology
63%
DF Greece
50%
QM Human anatomy
50%
ZA Information resources (General)
50%
BP Islam, Bahaism, Theosophy, etc.
50%
BM Judaism
50%
F 1201 - 3799 Latin America. Spanish America
50%
VM Naval architecture. Shipbuilding. Marine engineering
50%
P Philology. Linguistics
50%
TR Photography
50%
AY Yearbooks. Almanacs. Directories
50%
SF Animal culture
38%
C Auxiliary Sciences of History (General)
38%
F 1001-1145.2 British America (including Canada)Dutch America
38%
BQ Buddhism
38%
TK Electrical engineering. Electronics. Nuclear engineering
38%
AE Encyclopedias
38%
BJ Ethics
38%
PD Germanic languages. Scandinavian languages
38%
HD Industries. Land use. Labor
38%
PL Languages and literatures of Eastern Asia, Africa, Oceania
38%
DJ Netherlands (Holland)
38%
DL Northern Europe, Scandinavia
38%
GC Oceanography
38%
RS Pharmacy and materia medica
38%
QP Physiology
38%
JF Political institutions and public administration
38%
JQ Political institutions and public administration (Asia, Africa, Australia, Pacific Area, etc.)
38%
JL Political institutions and public administration (Canada, Latin America, etc.)
38%
JN Political institutions and public administration (Europe)
38%
JJ Political institutions and public administration (North America)
38%
JK Political institutions and public administration (United States)
38%
JC Political theory
38%
PC Romance languages
38%
HV Social pathology. Social and public welfare. Criminology
38%
DQ Switzerland
38%
BS The Bible
38%
LB Theory and practice of education
38%
PS American literature
25%
DR Balkan Peninsula
25%
CT Biography
25%
TH Building construction
25%
UE Cavalry. Armor
25%
HT Communities. Classes. Races
25%
RK Dentistry
25%
DJK Eastern Europe (General)
25%
PR English literature
25%
PZ Fiction and juvenile belles lettres
25%
HG Finance
25%
GR Folklore
25%
F 1170 French America
25%
PQ French literature - Italian literature - Spanish literature - Portuguese literature
25%
CS Genealogy
25%
PA Greek language and literature. Latin language and literature.
25%
RG Gynecology and obstetrics
25%
TT Handicrafts. Arts and crafts
25%
CB History of Civilization
25%
SK Hunting sports
25%
RC Internal medicine
25%
JX (obsolete) International law
25%
JZ International relations
25%
BC Logic
25%
UC Maintenance and transportation
25%
VE Marines
25%
TJ Mechanical engineering and machinery
25%
QR Microbiology
25%
UB Military administration
25%
TL Motor vehicles. Aeronautics. Astronautics
25%
VB Naval administration
25%
VK Navigation. Merchant marine
25%
AN Newspapers
25%
RE Opthalmology
25%
RB Pathology
25%
RJ Pediatrics
25%
AP Periodicals
25%
PG Slavic languages. Baltic languages. Albanian language.
25%
HX Socialism. Communism. Anarchism.
25%
LC Special aspects of education
25%
HA Statistics
25%
RD Surgery
25%
HQ The family. Marriage. Women.
25%
RM Therapeutics. Pharmacology
25%
AS Academies and learned societies
13%
BH Aesthetics
13%
SH Aquaculture. Fisheries. Angling
13%
UF Artillery
13%
RV Botanic, Thomsonian, and eclectic medicine
13%
TG Bridge engineering
13%
AC Collections, Series, Collected works
13%
LH College and school magazines and papers
13%
RL Dermatology
13%
HB Economic theory. Demography
13%
GE Environmental sciences
13%
PT German literature - Dutch literature - Flemish literature since 1830 - Afrikaans literature - Scandinavian literature - Old Norse literature: Old Icelandic and Old Norwegian - Modern Icelandic literature - Faroese literature - Danish literature - Norwegian literature - Swedish literature
13%
DE Greco-Roman World
13%
TE Highway engineering. Roads and pavements
13%
LA History of education
13%
AZ History of scholarship and learning. The humanities.
13%
RX Homeopathy
13%
GF Human ecology. Anthropogeography.
13%
PM Hyperborean, Indian, and artificial languages
13%
AI Indexes
13%
LE Individual institutions - America (except United States)
13%
LG Individual institutions - Asia, Africa, Indian Ocean Islands, Australia, New Zealand, Pacific Islands
13%
LF Individual institutions - Europe
13%
LD Individual institutions - United States
13%
PK Indo-Iranian languages and literatures
13%
UD Infantry
13%
CN Inscriptions, Epigraphy
13%
MT Instruction and study
13%
KBP Islamic Law
13%
KBM Jewish Law
13%
KBU Law of the Roman Catholic Church. The Holy See
13%
ML Literature on music
13%
JS Local government. Municipal government
13%
DH Low Countries - Benelux Countries
13%
GT Manners and customs (General)
13%
GA Mathematical geography. Cartography.
13%
UG Military engineering. Air forces
13%
TN Mining engineering. Metallurgy
13%
PB Modern languages. Celtic languages
13%
VC Naval maintenance
13%
VF Naval ordinance
13%
VD Naval seamen
13%
CJ Numismatics
13%
PJ Oriental languages and literature
13%
UH Other services
13%
RZ Other systems of medicine
13%
RF Otorhinolaryngology
13%
SB Plant culture
13%
TF Railroad engineering and operation
13%
KB Religious law in general. Comparative religious law. Jurisprudence.
13%
HS Societies: secret, benevolent, etc.
13%
LJ Student fraternities and societies, United States
13%
HE Transportation and communications
13%
PH Uralic languages. Basque language.
13%
N Visual arts
13%
DAW Central Europe
0%
TP Chemical technology
0%
BX Christian Denominations
0%
JV Colonies and colonization. Emigration and immigration. International migration
0%
HF Commerce
0%
NK Decorative arts
0%
CD Diplomatics, Archives, Seals
0%
BT Doctrinal Theology
0%
HC Economic history and conditions
0%
TD Environmental technology. Sanitary engineering
0%
SD Forestry
0%
J General legislative and executive papers
0%
CR Heraldry
0%
KBR History of canon law
0%
TX Home economics
0%
TC Hydraulic engineering. Ocean engineering
0%
KZ Law of nations
0%
TS Manufactures
0%
VG Minor services of navies
0%
AM Museums, Collectors and collecting
0%
RT Nursing
0%
GB Physical geography
0%
BV Practical Theology
0%
NE Print media
0%
RA Public aspects of medicine
0%
HJ Public finance
0%
DX Romanies
0%
HN Social history and conditions. Social problems. Social reform
0%
BD Speculative philosophy
0%
CE Technical Chronology, Calendar
0%
LT Textbooks
0%
F 1-975 United States local history
0%
PF West Germanic languages
0%
No matching quizzes found
Score Distribution
Percent of People with Each Score
Percentile by Number Answered
Your Score History
You have not taken this quiz